Educational research: Planning, conducting, and evaluating quantitative and qualitative
| 1. Verfasser: | |
|---|---|
| Format: | Unbekannt |
| LEADER | 00272 a2200085 4500 | ||
|---|---|---|---|
| 020 | |a 9781292337807 | ||
| 100 | |a Creswell, J. W., & Guetterman, T. C. |9 54828 | ||
| 245 | |a Educational research: Planning, conducting, and evaluating quantitative and qualitative | ||
| 942 | |c 1HOUR | ||
| 999 | |c 45911 |d 45911 | ||